| 000 | 00981nam a2200241 a 4500 | ||
|---|---|---|---|
| 001 | 57253 | ||
| 003 | BD-RjUL | ||
| 005 | 20211209080504.0 | ||
| 008 | 161207s1983 ii ||||| |||| 00| 0 ben d | ||
| 020 | _c: Tk. 25.00 | ||
| 035 | _a(BD-RjUL)57377 | ||
| 040 |
_aBD-RjUL _bben _cBD-RjUL |
||
| 041 | _aben | ||
| 082 |
_223 _a297.09 _bGAI 1983 |
||
| 100 |
_aগনী, ওসমান _9124031 |
||
| 245 | 1 | 0 |
_aইসলামের ইতিহাস : _b[ বিশ্বের নবজাগরণ ও মানবতার ইতিহাস ] _cওসমান গনী, রামতনু লাহিড়ী স্কলার |
| 260 |
_aকলকাতা : _bইউনিভারস্যাল, _c১৯৮৩ |
||
| 300 |
_aখণ্ড ; _c২৩ সেমি. |
||
| 650 |
_aইসলাম _xইতিহাস _9170023 |
||
| 650 |
_aIslam _xHistory _9170024 |
||
| 700 |
_aস্কলার, রামতনু লাহিড়ী _9170025 |
||
| 942 |
_2ddc _cBK |
||
| 999 |
_c57253 _d57253 |
||